| 000 | 00478nam a2200157 a 4500 | ||
|---|---|---|---|
| 001 | 3342 | ||
| 003 | CDMR | ||
| 005 | 20131118130901.0 | ||
| 008 | 130130s1981||||||||||||||||||||||||||||d | ||
| 040 |
_aCDMR _bcat _cCDMR |
||
| 110 | 2 |
_aAssociació de la Premsa de Barcelona _939 |
|
| 245 | 1 | 0 |
_aReglamento de Servicios y Beneficios Asistenciales _b: vigente desde el 1º de abril de 1981 |
| 260 |
_aBarcelona _c[1981] _bAsociación de la Prensa |
||
| 300 | _a[8] p. | ||
| 942 |
_cFULLET _2udc |
||
| 999 |
_c3342 _d3342 |
||